Notes on logic /
Guardado en:
| Autor Principal: | |
|---|---|
| Formato: | Libro |
| Idioma: | English |
| Publicado: |
Princeton, N.J. :
Van Nostrand,
c1966.
|
| Series: | Van Nostrand mathematical studies ;
no. 6 |
| Materias: | |
| Etiquetas: |
Agregar Etiqueta
Sin Etiquetas, Sea el primero en etiquetar este registro!
|
| LEADER | 00654cam a22002055a 4500 | ||
|---|---|---|---|
| 001 | MAT.inmabb003929 | ||
| 008 | 720808s1966####nju######b####001#0#eng## | ||
| 005 | 20160526170012.0 | ||
| 245 | 1 | 0 | |a Notes on logic / |c by Roger C. Lyndon. |
| 260 | |a Princeton, N.J. : |b Van Nostrand, |c c1966. | ||
| 300 | |a vi, 97 p. ; |c 21 cm. | ||
| 440 | 0 | |a Van Nostrand mathematical studies ; |v no. 6 | |
| 504 | |a Bibliografía: p. 91-92. | ||
| 510 | 4 | |a MR, |c 33 #2521 | |
| 100 | 1 | |a Lyndon, Roger C. | |
| 650 | 0 | |a Logic, Symbolic and mathematical. | |
| 084 | |a 03Bxx (03Cxx) |2 msc2000 | ||
| 010 | |a 66000494 | ||
| 040 | |a DLC |c ODaWU |d OCoLC |d DLC | ||
| 859 | |h 03 |i L988 |p A-2347 |b BIB. MATEMATICA | ||
